[Event "FIDE World Cup 2025"]
[Site "Goa, India"]
[Date "2025.11.02"]
[Round "2.17"]
[White "Suyarov, Mukhammadzokhid"]
[Black "Abasov, Nijat"]
[Result "0-1"]
[TimeControl ": 90 minutes for the first 40 moves, followed by 30 minutes for the rest of the gamewith an increment of 30 seconds per move starting from move 1"]
[WhiteFideId "14210495"]
[BlackFideId "13402960"]
[WhiteElo "2482"]
[BlackElo "2587"]

1. e4 {[%clk 01:30:59]} c5 {[%clk 01:30:56]} {[%emt 00:00:04]} 2. Nf3 {[%clk
01:31:24]} {[%emt 00:00:05]} Nc6 {[%clk 01:31:22]} {[%emt 00:00:05]} 3. Bb5
{[%clk 01:31:49]} {[%emt 00:00:05]} g6 {[%clk 01:31:44]} {[%emt 00:00:08]} 4.
c3 {[%clk 01:27:42]} {[%emt 00:04:37]} Nf6 {[%clk 01:31:38]} {[%emt 00:00:36]}
5. Qe2 {[%clk 01:28:06]} {[%emt 00:00:06]} e5 {[%clk 01:29:59]} {[%emt
00:02:09]} 6. O-O {[%clk 01:26:54]} {[%emt 00:01:41]} Bg7 {[%clk 01:29:17]}
{[%emt 00:01:13]} 7. d4 {[%clk 01:14:31]} {[%emt 00:12:54]} cxd4 {[%clk
01:27:42]} {[%emt 00:02:04]} 8. cxd4 {[%clk 01:14:54]} {[%emt 00:00:07]} Nxd4
{[%clk 01:27:05]} {[%emt 00:01:06]} 9. Nxd4 {[%clk 01:15:19]} {[%emt 00:00:06]}
exd4 {[%clk 01:27:27]} {[%emt 00:00:08]} 10. Bf4 {[%clk 01:15:22]} {[%emt
00:00:25]} Qe7 {[%clk 01:22:24]} {[%emt 00:05:34]} 11. e5 {[%clk 01:12:44]}
{[%emt 00:03:09]} Nd5 {[%clk 01:17:46]} {[%emt 00:05:08]} 12. Bg3 {[%clk
01:12:51]} {[%emt 00:00:24]} Nc7 {[%clk 01:14:09]} {[%emt 00:04:06]} 13. Nd2
{[%clk 01:06:38]} {[%emt 00:06:43]} O-O {[%clk 01:10:36]} {[%emt 00:04:03]} 14.
Rac1 {[%clk 00:58:37]} {[%emt 00:08:32]} Nxb5 {[%clk 01:08:20]} {[%emt
00:02:46]} 15. Qxb5 {[%clk 00:58:59]} {[%emt 00:00:08]} b6 {[%clk 01:08:11]}
{[%emt 00:00:39]} 16. Rc7 {[%clk 00:53:52]} {[%emt 00:05:37]} Qe6 {[%clk
01:07:41]} {[%emt 00:00:59]} 17. Nb3 {[%clk 00:29:39]} {[%emt 00:24:45]} a5
{[%clk 01:04:13]} {[%emt 00:03:57]} 18. Nxd4 {[%clk 00:25:12]} {[%emt
00:04:57]} Qxa2 {[%clk 01:03:46]} {[%emt 00:00:57]} 19. Rd1 {[%clk 00:24:33]}
{[%emt 00:01:08]} a4 {[%clk 00:50:27]} {[%emt 00:13:49]} 20. h4 {[%clk
00:19:45]} {[%emt 00:05:15]} Ba6 {[%clk 00:25:47]} {[%emt 00:25:14]} 21. Qxb6
{[%clk 00:18:06]} {[%emt 00:02:08]} Qd5 {[%clk 00:24:32]} {[%emt 00:01:44]} 22.
Rc5 {[%clk 00:16:35]} {[%emt 00:02:01]} Qb7 {[%clk 00:23:07]} {[%emt 00:01:56]}
23. Qxb7 {[%clk 00:16:09]} {[%emt 00:00:57]} Bxb7 {[%clk 00:23:33]} {[%emt
00:00:04]} 24. Rc7 {[%clk 00:16:33]} {[%emt 00:00:06]} Bc8 {[%clk 00:17:13]}
{[%emt 00:06:50]} 25. Nb5 {[%clk 00:13:03]} {[%emt 00:04:00]} d5 {[%clk
00:16:04]} {[%emt 00:01:38]} 26. exd6 {[%clk 00:08:04]} {[%emt 00:05:29]} Bxb2
{[%clk 00:16:12]} {[%emt 00:00:22]} 27. d7 {[%clk 00:08:06]} {[%emt 00:00:28]}
Bxd7 {[%clk 00:07:28]} {[%emt 00:09:14]} 28. Rcxd7 {[%clk 00:08:31]} {[%emt
00:00:06]} a3 {[%clk 00:07:56]} {[%emt 00:00:02]} 29. R7d2 {[%clk 00:07:30]}
{[%emt 00:01:30]} Ra5 {[%clk 00:06:29]} {[%emt 00:01:57]} 30. Nc7 {[%clk
00:04:49]} {[%emt 00:03:11]} Kg7 {[%clk 00:06:12]} {[%emt 00:00:47]} 31. Rb1
{[%clk 00:04:39]} {[%emt 00:00:40]} h6 {[%clk 00:04:26]} {[%emt 00:02:16]} 32.
Rdxb2 {[%clk 00:04:20]} {[%emt 00:00:50]} axb2 {[%clk 00:04:52]} {[%emt
00:00:04]} 33. Rxb2 {[%clk 00:04:46]} {[%emt 00:00:04]} Rd8 {[%clk 00:03:42]}
{[%emt 00:01:38]} 34. Kh2 {[%clk 00:04:02]} {[%emt 00:01:13]} g5 {[%clk
00:03:36]} {[%emt 00:00:37]} 35. Rb7 {[%clk 00:04:08]} {[%emt 00:00:24]} Kg6
{[%clk 00:01:30]} {[%emt 00:02:36]} 36. Rb6+ {[%clk 00:04:23]} {[%emt
00:00:15]} f6 {[%clk 00:01:55]} {[%emt 00:00:06]} 37. h5+ {[%clk 00:04:01]}
{[%emt 00:00:51]} Kf7 {[%clk 00:01:32]} {[%emt 00:00:52]} 38. Nb5 {[%clk
00:03:43]} {[%emt 00:00:50]} Rd1 {[%clk 00:00:45]} {[%emt 00:01:17]} 39. Nd6+
{[%clk 00:02:56]} {[%emt 00:01:17]} Ke7 {[%clk 00:01:10]} {[%emt 00:00:04]} 40.
Rb7+ {[%clk 00:01:59]} {[%emt 00:01:27]} Ke6 {[%clk 00:01:35]} {[%emt
00:00:05]} 41. Ne8 {[%clk 00:09:41]} {[%emt 00:22:49]} f5 {[%clk 00:29:37]}
{[%emt 00:02:27]} 42. Bb8 {[%clk 00:07:47]} {[%emt 00:02:24]} Ra4 {[%clk
00:21:25]} {[%emt 00:08:41]} 43. f4 {[%clk 00:04:27]} {[%emt 00:03:51]} gxf4
{[%clk 00:21:08]} {[%emt 00:00:48]} 44. Rb6+ {[%clk 00:04:37]} {[%emt
00:00:20]} Ke7 {[%clk 00:19:56]} {[%emt 00:01:41]} 45. Ng7 {[%clk 00:04:25]}
{[%emt 00:00:44]} Kf7 {[%clk 00:19:24]} {[%emt 00:01:02]} 46. Nxf5 {[%clk
00:01:30]} {[%emt 00:03:25]} Rd5 {[%clk 00:19:46]} {[%emt 00:00:07]} 47. Nxh6+
{[%clk 00:01:18]} {[%emt 00:00:42]} Kg7 {[%clk 00:20:11]} {[%emt 00:00:04]} 48.
Ng4 {[%clk 00:01:44]} {[%emt 00:00:05]} Rxh5+ {[%clk 00:20:21]} {[%emt
00:00:20]} 49. Kg1 {[%clk 00:02:13]} {[%emt 00:00:01]} Rg5 {[%clk 00:18:41]}
{[%emt 00:02:09]} 50. Rb7+ {[%clk 00:01:50]} {[%emt 00:00:54]} Kg6 {[%clk
00:17:15]} {[%emt 00:01:53]} 51. Ne5+ {[%clk 00:01:48]} {[%emt 00:00:32]} Kf5
{[%clk 00:17:40]} {[%emt 00:00:05]} 52. Rb2 {[%clk 00:02:07]} {[%emt 00:00:13]}
Ra3 {[%clk 00:16:50]} {[%emt 00:01:21]} 53. Nf3 {[%clk 00:01:36]} {[%emt
00:00:59]} Rg8 {[%clk 00:15:37]} {[%emt 00:01:43]} 54. Kf2 {[%clk 00:01:43]}
{[%emt 00:00:24]} Ra5 {[%clk 00:15:06]} {[%emt 00:01:01]} 55. Bd6 {[%clk
00:01:09]} {[%emt 00:01:03]} Rd5 {[%clk 00:13:27]} {[%emt 00:02:11]} 56. Ba3
{[%clk 00:01:32]} {[%emt 00:00:07]} Ra8 {[%clk 00:12:27]} {[%emt 00:01:29]} 57.
Rb3 {[%clk 00:01:15]} {[%emt 00:00:47]} Rc8 {[%clk 00:12:54]} {[%emt 00:00:04]}
58. Rb2 {[%clk 00:00:46]} {[%emt 00:00:59]} Ra8 {[%clk 00:12:57]} {[%emt
00:00:27]} 59. Be7 {[%clk 00:01:14]} {[%emt 00:00:02]} Rda5 {[%clk 00:08:30]}
{[%emt 00:04:56]} 60. Nd4+ {[%clk 00:00:33]} {[%emt 00:01:12]} Kg4 {[%clk
00:08:53]} {[%emt 00:00:06]} 61. Ne2 {[%clk 00:00:00]} {[%emt 00:00:35]} 0-1

[Event "FIDE World Cup 2025"]
[Site "Goa, India"]
[Date "2025.11.02"]
[Round "2.18"]
[White "Motylev, Alexander"]
[Black "Avila Pavas, Santiago"]
[Result "1-0"]
[TimeControl ": 90 minutes for the first 40 moves, followed by 30 minutes for the rest of the gamewith an increment of 30 seconds per move starting from move 1"]
[WhiteFideId "4121830"]
[BlackFideId "4437128"]
[WhiteElo "2586"]
[BlackElo "2490"]

1. e4 {[%clk 01:30:56]} {[%emt 00:00:03]} c5 {[%clk 01:30:51]} {[%emt
00:00:10]} 2. Nf3 {[%clk 01:31:20]} {[%emt 00:00:05]} d6 {[%clk 01:31:10]}
{[%emt 00:00:12]} 3. Bb5+ {[%clk 01:31:36]} {[%emt 00:00:14]} Nd7 {[%clk
01:31:33]} {[%emt 00:00:07]} 4. d4 {[%clk 01:31:48]} {[%emt 00:00:18]} cxd4
{[%clk 01:31:28]} {[%emt 00:00:35]} 5. Nxd4 {[%clk 01:32:13]} {[%emt 00:00:05]}
Ngf6 {[%clk 01:30:50]} {[%emt 00:01:08]} 6. O-O {[%clk 01:32:34]} {[%emt
00:00:08]} a6 {[%clk 01:23:18]} {[%emt 00:08:03]} 7. Bd3 {[%clk 01:32:44]}
{[%emt 00:00:20]} Nc5 {[%clk 01:22:50]} {[%emt 00:00:59]} 8. Re1 {[%clk
01:33:02]} {[%emt 00:00:11]} e6 {[%clk 01:09:32]} {[%emt 00:13:49]} 9. c4
{[%clk 01:32:19]} {[%emt 00:01:12]} Be7 {[%clk 01:08:42]} {[%emt 00:01:20]} 10.
Nc3 {[%clk 01:32:15]} {[%emt 00:00:34]} O-O {[%clk 01:03:02]} {[%emt 00:06:11]}
11. Bf1 {[%clk 01:31:16]} {[%emt 00:01:28]} Qc7 {[%clk 01:03:11]} {[%emt
00:00:21]} 12. f3 {[%clk 01:25:31]} {[%emt 00:06:16]} b6 {[%clk 01:02:54]}
{[%emt 00:00:47]} 13. Be3 {[%clk 01:25:39]} {[%emt 00:00:22]} Bb7 {[%clk
01:03:07]} {[%emt 00:00:17]} 14. Rc1 {[%clk 01:24:25]} {[%emt 00:01:43]} Rac8
{[%clk 01:02:22]} {[%emt 00:01:16]} 15. Qd2 {[%clk 01:24:25]} {[%emt 00:00:30]}
Qb8 {[%clk 01:01:19]} {[%emt 00:01:33]} 16. Kh1 {[%clk 01:23:05]} {[%emt
00:01:49]} Rfe8 {[%clk 00:56:20]} {[%emt 00:05:30]} 17. b4 {[%clk 01:17:00]}
{[%emt 00:06:35]} Ncd7 {[%clk 00:56:41]} {[%emt 00:00:09]} 18. a3 {[%clk
01:16:25]} {[%emt 00:01:04]} Bd8 {[%clk 00:51:41]} {[%emt 00:05:31]} 19. Bg1
{[%clk 01:04:08]} {[%emt 00:12:46]} Bc7 {[%clk 00:40:47]} {[%emt 00:11:24]} 20.
Rcd1 {[%clk 01:00:44]} {[%emt 00:03:55]} Ne5 {[%clk 00:34:36]} {[%emt
00:06:42]} 21. Qa2 {[%clk 00:58:55]} {[%emt 00:02:18]} h5 {[%clk 00:15:12]}
{[%emt 00:19:54]} 22. Bf2 {[%clk 00:34:43]} {[%emt 00:24:42]} Ng6 {[%clk
00:15:01]} {[%emt 00:00:42]} 23. Rb1 {[%clk 00:30:35]} {[%emt 00:04:37]} h4
{[%clk 00:11:15]} {[%emt 00:04:16]} 24. a4 {[%clk 00:24:44]} {[%emt 00:06:21]}
d5 {[%clk 00:04:55]} {[%emt 00:06:49]} 25. exd5 {[%clk 00:17:24]} {[%emt
00:07:50]} exd5 {[%clk 00:05:21]} {[%emt 00:00:05]} 26. Rxe8+ {[%clk 00:11:00]}
{[%emt 00:06:54]} Rxe8 {[%clk 00:05:45]} {[%emt 00:00:05]} 27. c5 {[%clk
00:11:26]} {[%emt 00:00:04]} Bxh2 {[%clk 00:05:12]} {[%emt 00:01:04]} 28. cxb6
{[%clk 00:09:51]} {[%emt 00:02:05]} Nh5 {[%clk 00:04:22]} {[%emt 00:01:20]} 29.
b5 {[%clk 00:08:30]} {[%emt 00:01:52]} Ng3+ {[%clk 00:01:15]} {[%emt 00:03:37]}
30. Kxh2 {[%clk 00:05:57]} {[%emt 00:03:02]} Nxf1+ {[%clk 00:01:41]} {[%emt
00:00:05]} 31. Kg1 {[%clk 00:06:15]} {[%emt 00:00:12]} Qh2+ {[%clk 00:01:52]}
{[%emt 00:00:19]} 32. Kxf1 {[%clk 00:06:37]} {[%emt 00:00:08]} Nf4 {[%clk
00:02:09]} {[%emt 00:00:14]} 33. Bg1 {[%clk 00:04:53]} {[%emt 00:02:13]} Qh1
{[%clk 00:02:37]} {[%emt 00:00:02]} 34. Qf2 {[%clk 00:01:21]} {[%emt 00:04:02]}
Bc8 {[%clk 00:02:57]} {[%emt 00:00:10]} 35. Re1 {[%clk 00:01:05]} {[%emt
00:00:46]} Rxe1+ {[%clk 00:03:23]} {[%emt 00:00:05]} 36. Kxe1 {[%clk 00:00:59]}
{[%emt 00:00:37]} Nd3+ {[%clk 00:03:48]} {[%emt 00:00:04]} 37. Ke2 {[%clk
00:00:55]} {[%emt 00:00:33]} Nxf2 {[%clk 00:04:13]} {[%emt 00:00:05]} 38. Kxf2
{[%clk 00:01:01]} {[%emt 00:00:24]} axb5 {[%clk 00:02:30]} {[%emt 00:02:13]} 39.
Nxd5 {[%clk 00:00:42]} {[%emt 00:00:49]} h3 {[%clk 00:02:39]} {[%emt 00:00:22]}
40. gxh3 {[%clk 00:00:49]} {[%emt 00:00:23]} Qxh3 {[%clk 00:02:22]} {[%emt
00:00:46]} 41. Ne7+ {[%clk 00:27:32]} {[%emt 00:03:47]} Kf8 {[%clk 00:14:30]}
{[%emt 00:18:22]} 42. Nxc8 {[%clk 00:27:02]} {[%emt 00:01:00]} Qxc8 {[%clk
00:14:58]} {[%emt 00:00:02]} 43. a5 {[%clk 00:20:47]} {[%emt 00:06:45]} Ke8
{[%clk 00:00:31]} {[%emt 00:14:57]} 44. Nb3 {[%clk 00:07:58]} {[%emt 00:13:18]}
Kd7 {[%clk 00:00:57]} {[%emt 00:00:05]} 45. b7 {[%clk 00:05:22]} {[%emt
00:03:07]} Qc2+ {[%clk 00:01:24]} {[%emt 00:00:03]} 46. Kg3 {[%clk 00:04:50]}
{[%emt 00:01:02]} Kc7 {[%clk 00:00:48]} {[%emt 00:01:06]} 47. a6 {[%clk
00:03:37]} {[%emt 00:01:43]} Qg6+ {[%clk 00:00:39]} {[%emt 00:00:39]} 48. Kf2
{[%clk 00:03:20]} {[%emt 00:00:47]} Qxa6 {[%clk 00:00:31]} {[%emt 00:00:39]} 49.
Bh2+ {[%clk 00:02:46]} {[%emt 00:01:04]} Kxb7 {[%clk 00:00:58]} {[%emt
00:00:04]} 50. Nc5+ {[%clk 00:03:10]} {[%emt 00:00:06]} Kb6 {[%clk 00:01:26]}
{[%emt 00:00:02]} 51. Nxa6 {[%clk 00:03:32]} {[%emt 00:00:08]} Kxa6 {[%clk
00:01:53]} {[%emt 00:00:03]} 52. Be5 {[%clk 00:02:55]} {[%emt 00:01:07]} f6
{[%clk 00:02:20]} {[%emt 00:00:04]} 53. Bd6 {[%clk 00:03:21]} {[%emt 00:00:03]}
Kb6 {[%clk 00:01:42]} {[%emt 00:01:08]} 54. Ke3 {[%clk 00:02:58]} {[%emt
00:00:53]} Kc6 {[%clk 00:01:51]} {[%emt 00:00:22]} 55. Bf8 {[%clk 00:03:22]}
{[%emt 00:00:05]} g6 {[%clk 00:01:50]} {[%emt 00:00:31]} 56. Bg7 {[%clk
00:03:18]} {[%emt 00:00:34]} Kd5 {[%clk 00:01:24]} {[%emt 00:00:56]} 57. Bxf6
{[%clk 00:03:36]} {[%emt 00:00:12]} Ke6 {[%clk 00:01:51]} {[%emt 00:00:03]} 58.
Bg5 {[%clk 00:03:31]} {[%emt 00:00:34]} 1-0

[Event "FIDE World Cup 2025"]
[Site "Goa, India"]
[Date "2025.11.02"]
[Round "2.19"]
[White "Suleymenov, Alisher"]
[Black "Neiksans, Arturs"]
[Result "1/2-1/2"]
[TimeControl ": 90 minutes for the first 40 moves, followed by 30 minutes for the rest of the gamewith an increment of 30 seconds per move starting from move 1"]
[WhiteFideId "13707833"]
[BlackFideId "11601388"]
[WhiteElo "2491"]
[BlackElo "2585"]

1. d4 {[%clk 01:30:57]} {[%emt 00:00:01]} d5 {[%clk 01:30:54]} {[%emt
00:00:06]} 2. c4 {[%clk 01:31:21]} {[%emt 00:00:06]} e6 {[%clk 01:31:20]}
{[%emt 00:00:05]} 3. Nf3 {[%clk 01:31:38]} {[%emt 00:00:13]} Nf6 {[%clk
01:31:42]} {[%emt 00:00:08]} 4. Nc3 {[%clk 01:32:02]} {[%emt 00:00:06]} c5
{[%clk 01:32:06]} {[%emt 00:00:06]} 5. cxd5 {[%clk 01:32:27]} {[%emt 00:00:05]}
Nxd5 {[%clk 01:32:22]} {[%emt 00:00:14]} 6. e4 {[%clk 01:32:52]} {[%emt
00:00:06]} Nxc3 {[%clk 01:32:45]} {[%emt 00:00:07]} 7. bxc3 {[%clk 01:33:19]}
{[%emt 00:00:03]} cxd4 {[%clk 01:33:07]} {[%emt 00:00:08]} 8. cxd4 {[%clk
01:33:44]} {[%emt 00:00:05]} Bb4+ {[%clk 01:33:31]} {[%emt 00:00:06]} 9. Bd2
{[%clk 01:34:11]} {[%emt 00:00:04]} Bxd2+ {[%clk 01:33:52]} {[%emt 00:00:08]}
10. Qxd2 {[%clk 01:34:37]} {[%emt 00:00:04]} O-O {[%clk 01:34:13]} {[%emt
00:00:09]} 11. h3 {[%clk 01:35:05]} {[%emt 00:00:02]} b6 {[%clk 01:32:52]}
{[%emt 00:01:52]} 12. Rd1 {[%clk 01:35:26]} {[%emt 00:00:08]} Qd6 {[%clk
01:25:04]} {[%emt 00:08:18]} 13. Bd3 {[%clk 01:32:54]} {[%emt 00:03:01]} Nc6
{[%clk 01:18:51]} {[%emt 00:06:44]} 14. Qb2 {[%clk 01:24:19]} {[%emt 00:09:06]}
Qb4+ {[%clk 01:06:59]} {[%emt 00:12:22]} 15. Qxb4 {[%clk 01:24:34]} {[%emt
00:00:14]} Nxb4 {[%clk 01:07:25]} {[%emt 00:00:04]} 16. Bb1 {[%clk 01:24:28]}
{[%emt 00:00:37]} Ba6 {[%clk 01:02:32]} {[%emt 00:05:22]} 17. Kd2 {[%clk
01:21:31]} {[%emt 00:03:27]} Rac8 {[%clk 01:00:28]} {[%emt 00:02:35]} 18. Rc1
{[%clk 01:17:54]} {[%emt 00:04:07]} Nc6 {[%clk 00:55:56]} {[%emt 00:05:02]} 19.
Ke3 {[%clk 01:13:04]} {[%emt 00:05:19]} f5 {[%clk 00:46:58]} {[%emt 00:09:28]}
20. g3 {[%clk 01:06:39]} {[%emt 00:06:56]} Na5 {[%clk 00:33:22]} {[%emt
00:14:07]} 21. exf5 {[%clk 00:59:01]} {[%emt 00:08:08]} Nc4+ {[%clk 00:22:07]}
{[%emt 00:11:45]} 22. Kf4 {[%clk 00:59:22]} {[%emt 00:00:09]} Bb7 {[%clk
00:21:41]} {[%emt 00:00:57]} 23. Rhe1 {[%clk 00:33:10]} {[%emt 00:26:41]} Bxf3
{[%clk 00:15:54]} {[%emt 00:06:17]} 24. Kxf3 {[%clk 00:33:35]} {[%emt
00:00:05]} Nd2+ {[%clk 00:16:17]} {[%emt 00:00:08]} 25. Ke3 {[%clk 00:33:39]}
{[%emt 00:00:25]} Nxb1 {[%clk 00:14:27]} {[%emt 00:02:20]} 26. Rxc8 {[%clk
00:34:04]} {[%emt 00:00:05]} Rxc8 {[%clk 00:14:53]} {[%emt 00:00:04]} 27. Rxb1
{[%clk 00:34:29]} {[%emt 00:00:05]} exf5 {[%clk 00:15:08]} {[%emt 00:00:16]} 28.
Kd3 {[%clk 00:34:54]} {[%emt 00:00:05]} Kf7 {[%clk 00:14:57]} {[%emt 00:00:41]}
29. a4 {[%clk 00:34:06]} {[%emt 00:01:17]} Ke7 {[%clk 00:12:04]} {[%emt
00:03:23]} 30. h4 {[%clk 00:26:16]} {[%emt 00:08:21]} Kd6 {[%clk 00:11:37]}
{[%emt 00:00:58]} 1/2-1/2

[Event "FIDE World Cup 2025"]
[Site "Goa, India"]
[Date "2025.11.02"]
[Round "2.20"]
[White "Nesterov, Arseniy"]
[Black "Atabayev, Saparmyrat"]
[Result "1-0"]
[TimeControl ": 90 minutes for the first 40 moves, followed by 30 minutes for the rest of the gamewith an increment of 30 seconds per move starting from move 1"]
[WhiteFideId "24198455"]
[BlackFideId "14000571"]
[WhiteElo "2584"]
[BlackElo "2494"]

1. d4 {[%clk 01:30:57]} {[%emt 00:00:02]} Nf6 {[%clk 01:30:53]} {[%emt
00:00:07]} 2. c4 {[%clk 01:31:22]} {[%emt 00:00:05]} e6 {[%clk 01:31:21]}
{[%emt 00:00:03]} 3. Nf3 {[%clk 01:31:46]} {[%emt 00:00:06]} d5 {[%clk
01:31:45]} {[%emt 00:00:06]} 4. g3 {[%clk 01:32:09]} {[%emt 00:00:07]} Be7
{[%clk 01:31:15]} {[%emt 00:01:00]} 5. Bg2 {[%clk 01:32:31]} {[%emt 00:00:08]}
O-O {[%clk 01:31:36]} {[%emt 00:00:10]} 6. Nc3 {[%clk 01:32:55]} {[%emt
00:00:06]} Nbd7 {[%clk 01:30:07]} {[%emt 00:01:59]} 7. Ne5 {[%clk 01:31:35]}
{[%emt 00:01:51]} c6 {[%clk 01:25:08]} {[%emt 00:05:28]} 8. O-O {[%clk
01:30:57]} {[%emt 00:01:08]} Nxe5 {[%clk 01:25:00]} {[%emt 00:00:39]} 9. dxe5
{[%clk 01:31:25]} {[%emt 00:00:01]} Nd7 {[%clk 01:25:24]} {[%emt 00:00:06]} 10.
cxd5 {[%clk 01:31:49]} {[%emt 00:00:06]} cxd5 {[%clk 01:24:47]} {[%emt
00:01:06]} 11. e4 {[%clk 01:32:08]} {[%emt 00:00:10]} d4 {[%clk 01:06:30]}
{[%emt 00:18:47]} 12. Qxd4 {[%clk 01:27:27]} {[%emt 00:05:12]} Qb6 {[%clk
01:02:35]} {[%emt 00:04:25]} 13. Qxb6 {[%clk 01:23:44]} {[%emt 00:04:13]} Nxb6
{[%clk 01:02:54]} {[%emt 00:00:11]} 14. Rd1 {[%clk 01:14:48]} {[%emt 00:09:25]}
Bd7 {[%clk 01:01:54]} {[%emt 00:01:30]} 15. Be3 {[%clk 01:14:15]} {[%emt
00:01:03]} Bc6 {[%clk 01:01:54]} {[%emt 00:00:31]} 16. b3 {[%clk 01:05:13]}
{[%emt 00:09:32]} Rfc8 {[%clk 00:49:07]} {[%emt 00:13:17]} 17. Ne2 {[%clk
00:49:24]} {[%emt 00:16:19]} Be8 {[%clk 00:41:24]} {[%emt 00:08:14]} 18. Nd4
{[%clk 00:45:35]} {[%emt 00:04:19]} Rc3 {[%clk 00:38:50]} {[%emt 00:03:03]} 19.
Bf1 {[%clk 00:40:51]} {[%emt 00:05:14]} a6 {[%clk 00:32:28]} {[%emt 00:06:53]}
20. Ne2 {[%clk 00:33:01]} {[%emt 00:08:20]} Rxe3 {[%clk 00:28:31]} {[%emt
00:04:27]} 21. fxe3 {[%clk 00:33:29]} {[%emt 00:00:01]} Nd7 {[%clk 00:28:51]}
{[%emt 00:00:10]} 22. Rac1 {[%clk 00:32:17]} {[%emt 00:01:42]} Bd8 {[%clk
00:28:12]} {[%emt 00:01:09]} 23. Nd4 {[%clk 00:27:35]} {[%emt 00:05:12]} Nxe5
{[%clk 00:26:50]} {[%emt 00:01:52]} 24. h3 {[%clk 00:27:58]} {[%emt 00:00:06]}
Bb6 {[%clk 00:26:09]} {[%emt 00:01:12]} 25. Kf2 {[%clk 00:28:17]} {[%emt
00:00:10]} Kf8 {[%clk 00:26:21]} {[%emt 00:00:18]} 26. Be2 {[%clk 00:26:19]}
{[%emt 00:02:28]} Ke7 {[%clk 00:25:56]} {[%emt 00:00:56]} 27. Nf3 {[%clk
00:26:41]} {[%emt 00:00:06]} Kf6 {[%clk 00:18:52]} {[%emt 00:07:35]} 28. Nxe5
{[%clk 00:24:07]} {[%emt 00:03:04]} Kxe5 {[%clk 00:19:21]} {[%emt 00:00:01]} 29.
a4 {[%clk 00:24:30]} {[%emt 00:00:07]} a5 {[%clk 00:15:34]} {[%emt 00:04:17]}
30. Bb5 {[%clk 00:23:37]} {[%emt 00:01:23]} Bxb5 {[%clk 00:16:00]} {[%emt
00:00:03]} 31. axb5 {[%clk 00:24:04]} {[%emt 00:00:03]} a4 {[%clk 00:16:26]}
{[%emt 00:00:04]} 32. Kf3 {[%clk 00:18:42]} {[%emt 00:05:52]} axb3 {[%clk
00:08:16]} {[%emt 00:08:40]} 33. Rb1 {[%clk 00:18:58]} {[%emt 00:00:14]} Bc5
{[%clk 00:07:20]} {[%emt 00:01:27]} 34. Rxb3 {[%clk 00:12:32]} {[%emt
00:06:56]} b6 {[%clk 00:07:47]} {[%emt 00:00:03]} 35. Rd7 {[%clk 00:12:57]}
{[%emt 00:00:04]} Ra1 {[%clk 00:07:25]} {[%emt 00:00:52]} 36. Rb2 {[%clk
00:07:17]} {[%emt 00:06:11]} Re1 {[%clk 00:04:26]} {[%emt 00:03:29]} 37. Re2
{[%clk 00:04:00]} {[%emt 00:03:46]} Rf1+ {[%clk 00:04:48]} {[%emt 00:00:10]} 38.
Kg2 {[%clk 00:04:25]} {[%emt 00:00:04]} Rb1 {[%clk 00:03:55]} {[%emt 00:01:24]}
39. Rxf7 {[%clk 00:04:51]} {[%emt 00:00:04]} g5 {[%clk 00:01:21]} {[%emt
00:03:04]} 40. Rxh7 {[%clk 00:04:30]} {[%emt 00:00:50]} Kxe4 {[%clk 00:01:44]}
{[%emt 00:00:07]} 41. Rh6 {[%clk 00:01:03]} {[%emt 00:03:58]} e5 {[%clk
00:01:43]} {[%emt 00:00:31]} 42. Rg6 {[%clk 00:23:04]} {[%emt 00:08:27]} Kd3
{[%clk 00:30:14]} {[%emt 00:02:00]} 43. Kf2 {[%clk 00:21:57]} {[%emt 00:01:37]}
Rh1 {[%clk 00:29:44]} {[%emt 00:01:00]} 44. Re1 {[%clk 00:22:05]} {[%emt
00:00:20]} Rh2+ {[%clk 00:20:32]} {[%emt 00:09:44]} 45. Kf3 {[%clk 00:22:04]}
{[%emt 00:00:27]} e4 {[%clk 00:20:53]} {[%emt 00:00:12]} 46. Kg4 {[%clk
00:22:30]} {[%emt 00:00:04]} Kd2 {[%clk 00:20:30]} {[%emt 00:00:54]} 47. Rb1
{[%clk 00:21:53]} {[%emt 00:01:05]} Kxe3 {[%clk 00:20:42]} {[%emt 00:00:21]} 48.
Rxg5 {[%clk 00:22:17]} {[%emt 00:00:05]} Rc2 {[%clk 00:19:23]} {[%emt
00:01:49]} 49. h4 {[%clk 00:16:06]} {[%emt 00:06:41]} Kf2 {[%clk 00:19:02]}
{[%emt 00:00:52]} 50. h5 {[%clk 00:12:50]} {[%emt 00:03:45]} e3 {[%clk
00:19:12]} {[%emt 00:00:21]} 51. Rf5+ {[%clk 00:13:03]} {[%emt 00:00:17]} Kg2
{[%clk 00:19:26]} {[%emt 00:00:16]} 52. h6 {[%clk 00:12:34]} {[%emt 00:00:58]}
e2 {[%clk 00:18:41]} {[%emt 00:01:16]} 53. h7 {[%clk 00:12:02]} {[%emt
00:01:03]} Bd4 {[%clk 00:19:10]} 54. Rf4 {[%clk 00:09:57]} {[%emt 00:02:34]}
Bg7 {[%clk 00:18:13]} {[%emt 00:01:26]} 55. Re1 {[%clk 00:09:27]} {[%emt
00:01:00]} Rb2 {[%clk 00:17:54]} {[%emt 00:00:50]} 56. Rf8 {[%clk 00:08:11]}
{[%emt 00:01:46]} Bc3 {[%clk 00:15:32]} {[%emt 00:02:51]} 57. h8=Q {[%clk
00:06:43]} {[%emt 00:01:59]} Bxh8 {[%clk 00:15:56]} {[%emt 00:00:07]} 58. Rxh8
{[%clk 00:07:10]} {[%emt 00:00:02]} Rb4+ {[%clk 00:16:15]} {[%emt 00:00:11]} 59.
Kf5 {[%clk 00:07:06]} {[%emt 00:00:34]} Kf2 {[%clk 00:16:42]} {[%emt 00:00:04]}
60. Rhh1 {[%clk 00:07:29]} {[%emt 00:00:06]} Rxb5+ {[%clk 00:16:40]} {[%emt
00:00:32]} 61. Ke4 {[%clk 00:07:54]} {[%emt 00:00:05]} Rg5 {[%clk 00:14:44]}
{[%emt 00:02:26]} 62. Rb1 {[%clk 00:06:57]} {[%emt 00:01:27]} Rg4+ {[%clk
00:12:06]} {[%emt 00:03:09]} 63. Kd3 {[%clk 00:06:56]} {[%emt 00:00:31]} Rg6
{[%clk 00:12:17]} {[%emt 00:00:20]} 64. Rh2+ {[%clk 00:07:05]} {[%emt
00:00:19]} 1-0